Propuesta para mejorar la operación y optimización de los pasos de fronteras del Guasaule y peñas Blancas
Presenta la propuesta para mejorar la operación y optimización de los pasos de fronteras del Guasaule y peñas Blancas la cual se realizó mediante el análisis de las características y diagnósticos de los pasos de frontera, así como la elaboración de las propuestas de mejoras en la infraestru...
| Main Authors: | , |
|---|---|
| Other Authors: | |
| Format: | Tesis Section = Libro |
| Language: | Undetermined Spanish |
| Published: |
Managua
UNI
2015
|
| Subjects: |
| LEADER | 01376nam a2200289Ia 4500 | ||
|---|---|---|---|
| 008 | 240830s9999 xx 000 0 und d | ||
| 040 | |a BIBLIOTECA-RUPAP Mon 625.8 C965 | ||
| 041 | |a spa | ||
| 082 | |a Mon 625.8 C965 | ||
| 100 | 1 | |a Cuendiz Mayorga, Edwin Francisco | |
| 100 | 1 | |b Rodríguez Selva, Berman Jonathan | |
| 245 | 1 | 0 | |a Propuesta para mejorar la operación y optimización de los pasos de fronteras del Guasaule y peñas Blancas |
| 260 | |a Managua |b UNI |c 2015 | ||
| 300 | |a 102 p. :il. | ||
| 500 | |a Contiene: anexos y CD. | ||
| 502 | |a Tesis (Ingeniero Civil)- UNI, 2015. | ||
| 520 | 3 | |a Presenta la propuesta para mejorar la operación y optimización de los pasos de fronteras del Guasaule y peñas Blancas la cual se realizó mediante el análisis de las características y diagnósticos de los pasos de frontera, así como la elaboración de las propuestas de mejoras en la infraestructura y la proposición del conjunto de acciones para su implementación a corto plazo con el objetivo de la mejora de manera inmediata. | |
| 650 | 7 | |a RUTAS COMERCIALES | |
| 650 | 7 | |b DISEÑO Y CONSTRUCCION | |
| 650 | 7 | |c TRANSPORTE MANTENIMEINTO Y CONSTRUCCION | |
| 650 | 7 | |d SEGURIDAD VIAL | |
| 650 | 7 | |e PAVIMENTOS | |
| 650 | 7 | |f CONSTRUCCION DE CARRETERAS | |
| 700 | 1 | |a Tutor: |b Calvo Rojas, Lucas Bernardo | |
| 942 | |c BK |2 ddc | ||
| 991 | |a TESIS | ||
| 999 | |c 16032 | ||